000 00740nam a2200229 a 4500
005 20250221063813.0
008 080612s1999 mx r 000 0 spa d
020 _a8441404976
035 _aUPN01000156831
049 _aCG
050 4 _aHQ769
_bS7.2
100 1 _aSteede, Kevin
_941917
245 1 4 _aLos 10 errores más comunes de los padres ... :
_by cómo evitarlos /
_cKevin Steede ; tr. Julia Fernández Treviño.
260 _aMéxico :
_bEdaf y Morales,
_c1999.
300 _a175 h.
440 0 _aTu hijo y tú
534 _pTítulo original:
_tThe 10 most common mistakes good parents make
650 4 _aCrianza de niños
_96222
650 4 _aPadres e hijos
_91360
650 4 _aDisciplina de niños
_914102
905 _aLibro
999 _c128945
_d128945